| 000 | 00623nam a2200241Ia 4500 | ||
|---|---|---|---|
| 001 | 4010 | ||
| 003 | 7998 | ||
| 005 | 20241206062737.0 | ||
| 008 | ||||||n9999 ||| || || | ||
| 020 | _a980611034X | ||
| 041 | _aspa | ||
| 082 |
_219 _a332 |
||
| 100 |
_aFrank, Andre Gunder _96279 |
||
| 245 | 0 |
_aEl desafio de la crisis _bcrisis economica mundial ironias politicas internacionales y desafio europeo |
|
| 260 |
_aEspaña : _bEditorial Nueva Sociedad, _c1968. |
||
| 300 | _a253p | ||
| 562 | _e2 | ||
| 650 | 0 |
_aCrisis económica _94747 |
|
| 942 | _cBKM | ||
| 999 |
_c4010 _d4010 |
||
| 526 | _a4969 | ||
| 526 | _a51868 | ||
| 526 | _a1697 | ||